000 00255nam a2200109Ia 4500
008 220204s9999 xx 000 0 und d
082 _a82-3
_bROS
100 _aRostand, Robert
245 2 _aA Killing in Rome
260 _aLondon
_bArrow
_c1977
942 _cBK
999 _c32746
_d32746